[Event "VIE-ch U11"]
[Site "Ho Chi Minh City"]
[Date "2022.07.11"]
[Round "1"]
[White "Bien, Hoang Gia Phu"]
[Black "Nguyen, Minh Khang"]
[Result "1/2-1/2"]
[WhiteElo "2363"]
[BlackElo "2350"]
[PlyCount "47"]
[EventDate "2022.07.11"]
[EventType "swiss"]
[EventRounds "9"]
[EventCountry "VIE"]
[SourceTitle "EXT 2023"]
[Source "ChessBase"]
[SourceDate "2022.10.05"]
[SourceVersion "1"]
[SourceVersionDate "2022.10.05"]
[SourceQuality "1"]

1. e4 c5 2. Nf3 d6 3. d4 cxd4 4. Nxd4 Nf6 5. Nc3 g6 6. h3 Bg7 7. Bd3 0-0 8. Be3 Nc6 9. Nb3 Ne5 10. Be2 Be6 11. 0-0 Nc4 12. Bc1 Rc8 13. Nd4 Bd7 14. Bxc4 Rxc4 15. Be3 a6 16. f3 b5 17. a3 Qb8 18. Nb3 Be6 19. Nd4 Bd7 20. Nb3 Be6 21. Nd4 Bd7 22. Nb3 Rfc8 23. Qd2 Qc7 24. Qf2 1/2-1/2

[Event "VIE-ch U11"]
[Site "Hanoi"]
[Date "2022.06.13"]
[Round "3"]
[White "Bien, Hoang Gia Phu"]
[Black "Nguyen, Phuc Nguyen1111"]
[Result "1/2-1/2"]
[WhiteElo "2385"]
[BlackElo "2386"]
[PlyCount "149"]
[EventDate "2022.06.11"]
[EventType "swiss"]
[EventRounds "7"]
[EventCountry "VIE"]
[SourceTitle "EXT 2023"]
[Source "ChessBase"]
[SourceDate "2022.10.05"]
[SourceVersion "1"]
[SourceVersionDate "2022.10.05"]
[SourceQuality "1"]

1. e4 c6 2. d4 d5 3. exd5 cxd5 4. Nc3 Nf6 5. Bf4 Bd7 6. Nf3 e6 7. Be2 Bb4 8. Bg5 0-0 9. 0-0 Be7 10. h3 Qb6 11. Rb1 Nc6 12. Ne5 Rfd8 13. Nxc6 Bxc6 14. Bf3 h6 15. Bh4 g5 16. Bg3 Ne4 17. Ne2 Bf6 18. c3 Bb5 19. Re1 Bxe2 20. Rxe2 Nxg3 21. fxg3 e5 22. Qb3 Qxb3 23. axb3 exd4 24. cxd4 Bxd4+ 25. Kh2 Bg7 26. Rd1 d4 27. Rd3 Rd7 28. Kg1 Rc8 29. Kf2 Rc5 30. g4 b6 31. Re8+ Bf8 32. Re2 Bd6 33. Be4 Re5 34. Kf3 Bc7 35. Red2 Kg7 36. Rxd4 Rde7 37. Rc2 b5 38. Re2 R5e6 39. Rd5 a6 40. Rdd2 Bb6 41. Rc2 h5 42. Rc6 hxg4+ 43. hxg4 Rxc6 44. Bxc6 Rxe2 45. Kxe2 Bd4 46. Bb7 a5 47. Bc6 Bxb2 48. Bxb5 Kf6 49. Bc4 Ke7 50. Ke3 f6 51. Ke4 Kd6 52. Bg8 Kc5 53. Bf7 Kb4 54. Bg8 Kc3 55. Bd5 Kd2 56. Bc4 Be5 57. Kf3 Kc3 58. Bg8 Bf4 59. Bf7 Kd4 60. Bg8 Bc1 61. Bf7 Ke5 62. Bg6 Bf4 63. Bf5 Bc1 64. Bg6 Kd4 65. Bf5 Bd2 66. Bg6 Bc1 67. Bf5 Kc3 68. Be6 Kd2 69. Bd5 Bb2 70. Be6 Bc3 71. Bf7 Be5 72. Bg8 Bc3 73. Bf7 Kd3 74. Bg8 Kd4 75. Bf7 1/2-1/2